LEADER 01255nam a2200241 i 4500 001 000000238766 003 CaOOAMICUS 005 20230414093257.0 008 150212s1905 it u000 u ita u 040 $aSeMil$bita 100 1 $aMolteni, Giuseppe .$0(OLS)http://semarc/name/90879 245 14$aGli affitti collettivi e la loro importanza sociale :$bnote storico-critico-statistiche /$cPr. G. Molteni. 264 1$aMilano :$bTipografia Oliva & Somaschi,$c1905. 300 $a148 p. ;$c19 cm. 650 4$aEconomia - Concezione cristiana.$0(OLS)http://semarc/subject/5356 650 4$aAffitto (Contratto).$0(OLS)http://semarc/subject/41579 850 $aSeMil 852 $aSeMil$W1$xVenegono$y1$m3N II 77$j189112$B189112$CSeMilBibl$Z2$F199862 $81 852 $aSeMil$W1$xVenegono$y1$m5D VIII 20/17$j226103$B237108$CSeMilBibl$Z2$F237108 $81 961 $aCon dedica autografa dell'autore (G. Molteni) al Rettore dei Seminari Alessandro De Giorgi (2 ottobre 1905) 996 $6245$aGli affitti collettivi e la loro importanza sociale :$bnote storico-critico-statistiche$9(OLS)http://semarc/title/340179 996 $6264$aMilano :$bTipografia Oliva & Somaschi$9(OLS)http://semarc/publisher/42867 LEADER 01516nam a2200289 i 4500 001 000000009929 003 CaOOAMICUS 005 20180830125440.0 008 180830s1982 fr u000 u und u 040 $aSeMil$bita 100 0 $aBasilius : Caesariensis,$c.$0(OLS)http://semarc/name/99860 245 10$aContre Eunome /$cBasile de Césarée. Suivi de Apologie / Eunome ; introduction, traduction et notes de Bernard Sesboüé, avec la collaboration de Georges-Matthieu de Durand et Louis Doutreleau. 260 $aParis :$bLes Éditions du Cerf,$c1982-1983. 300 $a2 v. ;$c20 cm. 500 $aTesto greco a fronte. - Dalla biblioteca del card. Giovanni Colombo. 700 1 $aEunomius : Cyzicenus <320?-392?>.$0(OLS)http://semarc/name/89728 700 1 $aSesboüé, Bernard,$c.$0(OLS)http://semarc/name/703 700 1 $aDurand, Georges-Matthieu : de,$c.$0(OLS)http://semarc/name/89233 700 1 $aDoutreleau, Louis,$c.$0(OLS)http://semarc/name/4668 773 0 $tSources chrétiennes.$dParis : Les Éditions du Cerf, 1941-$kSources chrétiennes$x0750-1978$w()41 774 0 $tTome 2.$kSources chrétiennes$z2-204-02119-9$w()81983 774 0 $tTome 1.$kSources chrétiennes$z2-204-01960-7$w()82366 900 1 $aBasilius : Magnus . 941 1 $a3 996 $6245$aContre Eunome$9(OLS)http://semarc/title/13129 996 $6260$aParis :$bLes Éditions du Cerf$9(OLS)http://semarc/publisher/29611